000 00494nam a2200205Ia 4500
003 0100
008 130303s9999 xx 000 0 und d
020 _a0312021453
040 _cARRUPELIB
050 _aBJ71.E84 1989
245 _aEthics in the history of western philosophy
260 _aNew York
260 _bSt. Martin's Press
260 _C1989
300 _axiii
300 _b 434p. 23cm
650 _aETHICS
700 _aCavalier, Robert J. ...et al. (ed.)
942 0 0 _01
999 _c14651
_d14651